000 00495nam a2200181Ia 4500
001 8444
005 20260306160609.0
008 260306t2006||||xx |||||||||||||| ||spa||
041 _aESP
082 _a371.02
_bT71
100 _aTooley, James
_eAUT
245 0 _aEducación privada y pobreza:
_bun estudio de las escuelas privadas que sirven en países de bajos ingresos
260 _c2006
300 _a122 páginas :
_c21 cm.
650 _aGEN
654 _aCED
942 _cLIB
_dJUS
_fJUS
_2ddc
_n
999 _c8444
_d8444